=LDR 00000nam 2200000 4500 =001 INLIS000000000002549 =005 20250108090857 =035 ##$$a 0010-0125000028 =007 ta =008 250108################a##########|#ind## =020 ##$$a 9786021694251 =082 ##$$a 297 =084 ##$$a 297 SUS m =100 #$$a Susanti Dominguez =245 1#$$a My First Why : $b 262 Pertanyaan Pertama Anak Muslim /$c Susanti Dominguez; Diyah Rahma; Woro Lestari =250 ##$$a Cetakan Keenam =260 ##$$a Jakarta :$b Pustaka Al Kautsar Kids,$c 2024 =300 ##$$a 282 hlm. : $b ilus. ; $c 28 x 22 cm =650 #4$$a Non Fiksi Anak =700 #$$a Diyah Rahma =700 #$$a Woro Lestari =520 ##$$a Buku ini adalah panduan interaktif untuk membantu anak-anak Muslim memahami konsep dasar agama Islam dengan cara yang sederhana, menyenangkan, dan penuh makna. Buku ini dirancang untuk menjawab rasa ingin tahu alami anak-anak tentang dunia, kehidupan, dan agama mereka, melalui pendekatan yang ramah dan mudah dipahami. =990 ##$$a B-2024-00203